Statistics for 2020 Buffalo Bills Players' Colleges

Click here to take the quiz!

General Stats

  • This quiz has been taken 34 times
  • The average score is 27 of 56

Answer Stats

PlayerCollege% Correct
Isaiah McKenzie | Jake FrommGeorgia
97%
Josh AllenWyoming
97%
Levi Wallace | TJ YeldonAlabama
94%
Reid Ferguson | Tre'Davious WhiteLSU
90%
AJ Epenesa | Ike Boettger | Micah HydeIowa
77%
Quinton Jefferson | Stefon DiggsMaryland
77%
Matt BarkleyUSC
77%
Zack MossUtah
74%
Matt MilanoBoston College
71%
Cody Ford | Daryl WilliamsOklahoma
71%
Ed OliverHouston
65%
Tremaine EdmundsVirginia Tech
65%
Dawson KnoxOle Miss
58%
Devin SingletaryFlorida Atlantic
55%
Jordan PoyerOregon State
55%
Cole BeasleySMU
55%
Tyrel DodsonTexas A&M
55%
Dion Dawkins | Tyler MatakevichTemple
48%
Jaquan Johnson | Jon FelicianoMiami
45%
Harrison Phillips | Trent MurphyStanford
45%
Gabriel DavisUCF
45%
EJ Gaines | Mitch MorseMissouri
35%
Ryan BatesPenn State
35%
Jerry HughesTCU
35%
Tyler BassGeorgia Southern
32%
AJ KleinIowa State
32%
Del'Shawn PhillipsIllinois
29%
Corey BojorquezNew Mexico
29%
Tyler KroftRutgers
26%
Quinton SpainWest Virginia
26%
Reggie GilliamToledo
23%
Lee SmithMarshall
19%
John BrownPittsburg State
19%
Andre RobertsThe Citadel
19%
Taron JohnsonWeber State
19%
Josh NormanCoastal Carolina
16%
Dean MarloweJames Madison
13%
Vernon ButlerLouisiana Tech
13%
Taiwan JonesEastern Washington
10%
Siran NealJacksonville State
10%
Darryl JohnsonNC A&T
10%
Ty NsekheTexas State
10%
Mario AddisonTroy
10%
Deon LaceyWest Alabama
6%
Brian WintersKent State
3%

Score Distribution

Percentile by Number Answered

Percent of People with Each Score

Your Score History

You have not taken this quiz